[Event "XLVI C.to Torinese Assoluto 2001"]
[Site "Torino ITA"]
[Date "2001.11.??"]
[Round "5"]
[White "Fuggetta, Leonardo"]
[Black "Ragni, Paolo"]
[WhiteElo "2057"]
[BlackElo "2070"]
[Result "1/2-1/2"]
[PlyCount "99"]
[EventDate "2001.11.??"]

1. c4 e5 2. g3 f5 3. Bg2 Nf6 4. Nc3 Nc6 5. d3 Bb4 6. Bd2 O-O 7. e3 d6 8. Nge2
Bxc3 9. Nxc3 Be6 10. Nd5 Ne7 11. Nxe7+ Qxe7 12. b3 c6 13. O-O Rae8 14. f4 e4
15. d4 Bf7 16. Bc3 Bh5 17. Qd2 Qf7 18. d5 c5 19. Bxf6 Qxf6 20. Rab1 Rb8 21. Qb2
b5 22. Qxf6 Rxf6 23. Rfc1 bxc4 24. bxc4 Rff8 25. Bf1 Rfc8 26. Kf2 Rb4 27. a3
Rbb8 28. Be2 Be8 29. Bd1 Kf8 30. Bc2 Ke7 31. Ke2 Bh5+ 32. Kd2 Kd8 33. Ba4 Kc7
34. Kc3 Rb6 35. Rxb6 axb6 36. Bc6 Be8 37. Bxe8 Rxe8 38. a4 Ra8 39. Kb3 Kd7 40.
Rg1 Ke7 41. Rb1 Kf6 42. Ka3 Ra6 43. Rb5 g5 44. a5 gxf4 45. gxf4 bxa5 46. Ka4
Ra7 47. Rxa5 Rb7 48. Rb5 Ra7+ 49. Ra5 Rb7 50. Rb5 1/2-1/2

[Event "XLVI C.to Torinese Assoluto 2001"]
[Site "Torino ITA"]
[Date "2001.11.??"]
[Round "5"]
[White "Gardoncini, Giovanni Battista"]
[Black "Fassio, Luca"]
[WhiteElo "1881"]
[BlackElo "2201"]
[Result "1-0"]
[PlyCount "141"]
[EventDate "2001.11.??"]

1. e4 g6 2. Nc3 Bg7 3. g3 d6 4. Bg2 c5 5. d3 Nc6 6. Be3 Nf6 7. h3 O-O 8. f4 e5
9. Nge2 Rb8 10. fxe5 Nxe5 11. Nf4 b5 12. O-O b4 13. Ncd5 Nxd5 14. Nxd5 Nc6 15.
c3 Ba6 16. Qd2 bxc3 17. bxc3 Ne5 18. c4 Bxc4 19. dxc4 Nxc4 20. Qd3 Nxe3 21.
Nxe3 Bxa1 22. Rxa1 Rb4 23. Rd1 Rd4 24. Qe2 Rxd1+ 25. Qxd1 Qf6 26. Kh2 Rb8 27.
Ng4 Qe6 28. Qa1 h5 29. Nf6+ Kf8 30. Nd7+ Qxd7 31. Qh8+ Ke7 32. Qxb8 Qa4 33. e5
dxe5 34. Qxe5+ Kf8 35. Qxc5+ Kg8 36. a3 h4 37. Qb4 hxg3+ 38. Kxg3 Qd7 39. a4
Qc7+ 40. Qf4 Qc3+ 41. Kh2 Kg7 42. Qd6 Qa1 43. Qf4 Qc3 44. Qe4 Qc7+ 45. Kg1 Qc1+
46. Kf2 Qb2+ 47. Ke3 Qc3+ 48. Ke2 Qb2+ 49. Kd1 Qa1+ 50. Kd2 Qb2+ 51. Qc2 Qb4+
52. Ke2 Qe7+ 53. Kd3 Qd6+ 54. Kc4 Qc7+ 55. Kb3 Qb6+ 56. Ka2 Qe6+ 57. Kb2 Qb6+
58. Kc3 Qe3+ 59. Qd3 Qc1+ 60. Qc2 Qe3+ 61. Kb2 Qb6+ 62. Ka2 Qe6+ 63. Qb3 Qe2+
64. Qb2+ Qxb2+ 65. Kxb2 Kf6 66. Kc3 Ke5 67. Kb4 Kd6 68. Ka5 Kc7 69. Ka6 Kb8 70.
h4 f6 71. Bf3 1-0

[Event "XLVI C.to Torinese Assoluto 2001"]
[Site "Torino ITA"]
[Date "2001.11.??"]
[Round "5"]
[White "Maccagno, Giancarlo"]
[Black "Cordara, Michele"]
[WhiteElo "2152"]
[BlackElo "2187"]
[Result "1/2-1/2"]
[PlyCount "90"]
[EventDate "2001.11.??"]

1. e4 c5 2. d4 cxd4 3. c3 Nf6 4. e5 Nd5 5. Qxd4 e6 6. Nf3 Nc6 7. Qe4 f5 8. Qe2
Qc7 9. g3 b6 10. Bg2 a5 11. O-O Bc5 12. Re1 Ba6 13. c4 f4 14. Qe4 fxg3 15. hxg3
Nde7 16. Nc3 O-O-O 17. Nb5 Bxb5 18. cxb5 Nb4 19. Be3 Qb7 20. Qxb7+ Kxb7 21.
Ng5+ Kc7 22. Be4 Rdf8 23. Nxh7 Rxh7 24. Bxh7 Bxe3 25. Rxe3 g6 26. Re4 Rf7 27.
Rc1+ Kd8 28. a3 Nd3 29. Rc3 Nxf2 30. Rh4 Nd1 31. Rcc4 Ne3 32. Rcf4 Rg7 33. Rf8+
Kc7 34. Kf2 N7f5 35. Rg8 Rxg8 36. Bxg8 Nxh4 37. Kxe3 Nf5+ 38. Kf4 g5+ 39. Kf3
d5 40. Bh7 Nh6 41. Bg6 Kd7 42. Bh5 Ke7 43. a4 Kd7 44. b3 Ke7 45. Bg6 Kd7
1/2-1/2

[Event "XLVI C.to Torinese Assoluto 2001"]
[Site "Torino ITA"]
[Date "2001.11.??"]
[Round "5"]
[White "Pepino, Enrico"]
[Black "Lo Curto, Emanuele"]
[WhiteElo "2071"]
[BlackElo "2087"]
[Result "1-0"]
[PlyCount "80"]
[EventDate "2001.11.??"]

1. e4 c5 2. Nf3 d6 3. d4 cxd4 4. Nxd4 Nf6 5. Nc3 e6 6. g4 h6 7. f3 Be7 8. Be3
Nc6 9. Qd2 a6 10. O-O-O Qc7 11. h4 Nd7 12. Be2 b5 13. g5 Nc5 14. gxh6 gxh6 15.
Nxc6 Qxc6 16. Bf4 b4 17. Nb1 b3 18. Bc4 bxc2 19. Qxc2 Bb7 20. Nc3 Rc8 21. Kb1
Na4 22. Qxa4 Qxa4 23. Nxa4 Rxc4 24. b3 Rc6 25. Nb2 Rc3 26. Rhf1 e5 27. Bd2 Rxf3
28. Rxf3 Bxe4+ 29. Rd3 Bxh4 30. Kc1 Bxd3 31. Nxd3 f5 32. Nb4 Ke7 33. Rf1 Ke6
34. Nxa6 Rc8+ 35. Kd1 Bg5 36. Nb4 f4 37. Nd3 Kf5 38. a4 d5 39. a5 Ke4 40. Ke2
Rc2 1-0

[Event "XLVI C.to Torinese Assoluto 2001"]
[Site "Torino ITA"]
[Date "2001.11.??"]
[Round "5"]
[White "Racioppo, Paolo"]
[Black "Malano, Francesco"]
[WhiteElo "2208"]
[BlackElo "2042"]
[Result "1-0"]
[PlyCount "107"]
[EventDate "2001.11.??"]

1. f4 Nf6 2. Nf3 g6 3. d3 d5 4. g3 Bg7 5. Bg2 c5 6. O-O Nc6 7. Nc3 O-O 8. a3
Rb8 9. h3 d4 10. Ne4 b6 11. g4 e6 12. Qe1 Nxe4 13. dxe4 f5 14. gxf5 gxf5 15. e5
Bb7 16. Kh2 Qc7 17. Bd2 Kh8 18. Rg1 Rg8 19. b4 Bh6 20. Rb1 Qd7 21. Qh4 Rg6 22.
Qh5 Qf7 23. Kh1 Rbg8 24. Nh4 Rf6 25. Qf3 Rxg2 26. Nxg2 Nxe5 27. Qf2 Qh5 28. h4
Qg4 29. Kh2 Nc4 30. Bc1 Be4 31. bxc5 bxc5 32. Rb8+ Rf8 33. Rxf8+ Bxf8 34. Ne1
Qh5 35. Nd3 Be7 36. Qg3 Qxh4+ 37. Qxh4 Bxh4 38. Nxc5 Bf2 39. Rg5 Bd5 40. Nd7
Bh4 41. Rh5 Be7 42. Ne5 Kg7 43. Nxc4 Bxc4 44. e3 Be2 45. Rh3 Bg4 46. Rg3 Bh4
47. Rg2 Bf6 48. e4 Kf7 49. e5 Be7 50. Rd2 Bc5 51. Bb2 a6 52. a4 Bf3 53. Bxd4
Ba3 54. Rd3 1-0

[Event "XLVI C.to Torinese Assoluto 2001"]
[Site "Torino ITA"]
[Date "2001.11.??"]
[Round "5"]
[White "Ricca, Roberto"]
[Black "Faraoni, Enrico"]
[WhiteElo "2100"]
[BlackElo "2182"]
[Result "1-0"]
[PlyCount "63"]
[EventDate "2001.11.??"]

1. e4 e5 2. Bc4 Qe7 3. Nc3 Nf6 4. d3 g6 5. h4 h5 6. Bg5 Bg7 7. Nd5 Nxd5 8. Bxe7
Nxe7 9. Qf3 O-O 10. Nh3 c6 11. Ng5 d5 12. exd5 Bg4 13. Qe3 cxd5 14. Qc5 Nbc6
15. Bxd5 Nxd5 16. Qxd5 Rad8 17. Qc4 Nd4 18. Rc1 Rc8 19. Qa4 e4 20. dxe4 b5 21.
Qxa7 Nxc2+ 22. Rxc2 Rxc2 23. O-O Rxb2 24. f4 Be2 25. Rc1 Bc4 26. a4 Ra2 27. a5
Bb2 28. Rd1 Bb3 29. Rd6 Kg7 30. f5 Ra1+ 31. Kf2 Kh6 32. Rxg6+ 1-0

[Event "XLVI C.to Torinese Assoluto 2001"]
[Site "Torino ITA"]
[Date "2001.11.??"]
[Round "6"]
[White "Cordara, Michele"]
[Black "Pepino, Enrico"]
[WhiteElo "2187"]
[BlackElo "2071"]
[Result "1-0"]
[PlyCount "73"]
[EventDate "2001.11.??"]

1. c4 g6 2. Nc3 Bg7 3. g3 d6 4. Bg2 e5 5. d3 Ne7 6. Rb1 O-O 7. b4 f5 8. Nh3
Nbc6 9. e3 f4 10. b5 Nb8 11. Ng5 h6 12. Nge4 fxe3 13. fxe3 Nd7 14. Qe2 Rb8 15.
Bd2 Nc5 16. Nxc5 dxc5 17. Ne4 b6 18. Nf2 Bb7 19. Bxb7 Rxb7 20. O-O c6 21. a4
cxb5 22. axb5 Rd7 23. Rb3 Nf5 24. Ra3 Nd6 25. Bc3 Rdf7 26. Qg4 Kh7 27. Qe6 Nf5
28. Bd2 e4 29. Nxe4 Nd4 30. Qxf7 Rxf7 31. Rxf7 Nf5 32. Raxa7 h5 33. Rad7 Qa8
34. Bc3 Qa2 35. Bxg7 Qb1+ 36. Kf2 Qc2+ 37. Kf3 1-0

[Event "XLVI C.to Torinese Assoluto 2001"]
[Site "Torino ITA"]
[Date "2001.11.??"]
[Round "6"]
[White "Fuggetta, Leonardo"]
[Black "Maccagno, Giancarlo"]
[WhiteElo "2057"]
[BlackElo "2152"]
[Result "1-0"]
[PlyCount "103"]
[EventDate "2001.11.??"]

1. c4 f5 2. g3 Nf6 3. Bg2 g6 4. Nc3 Bg7 5. d3 c6 6. e4 d6 7. Nge2 Na6 8. O-O
O-O 9. h3 e5 10. exf5 gxf5 11. d4 Bd7 12. b3 Qa5 13. d5 c5 14. Bd2 Qd8 15. a3
Rc8 16. Rb1 Qe8 17. Qc1 Qg6 18. f4 e4 19. Nd1 Nh5 20. Kh2 b5 21. Ne3 Bd4 22.
Bc3 Rf7 23. Rg1 Bxc3 24. Qxc3 b4 25. Qb2 Rb8 26. a4 Rg7 27. g4 fxg4 28. hxg4
Nf6 29. g5 Ng4+ 30. Nxg4 Qh5+ 31. Bh3 Rf8 32. Ng3 Qh4 33. Nxe4 Rxf4 34. Ngf6+
Kh8 35. Nxd7 Rxe4 36. Rbf1 Rf4 37. Rg4 Qxh3+ 38. Kxh3 Rxf1 39. Kg2 Rf5 40. Nf6
Re5 41. Kf3 Nc7 42. g6 Rxg6 43. Rxg6 hxg6 44. Ng4 Ne8 45. Nxe5 dxe5 46. Qxe5+
Ng7 47. Qb8+ Kh7 48. Qxa7 Kh6 49. Qxc5 Nf5 50. Qf8+ Kh5 51. Qxf5+ gxf5 52. a5
1-0

[Event "XLVI C.to Torinese Assoluto 2001"]
[Site "Torino ITA"]
[Date "2001.11.??"]
[Round "6"]
[White "Gardoncini, Giovanni Battista"]
[Black "Racioppo, Paolo"]
[WhiteElo "1881"]
[BlackElo "2208"]
[Result "0-1"]
[PlyCount "60"]
[EventDate "2001.11.??"]

1. e4 c5 2. Nc3 a6 3. g3 b5 4. Bg2 Bb7 5. d3 e6 6. Nf3 d6 7. O-O Nf6 8. Bf4 e5
9. Bg5 Nbd7 10. Nh4 Qc7 11. Nf5 b4 12. Ne2 Ng8 13. c3 f6 14. Bd2 bxc3 15. bxc3
Ne7 16. Ne3 g6 17. f4 Bg7 18. d4 O-O 19. Rb1 Kh8 20. fxe5 dxe5 21. d5 Nc8 22.
Nc4 Rb8 23. Qa4 f5 24. exf5 gxf5 25. Na5 Ncb6 26. Qb3 c4 27. Qc2 Qc5+ 28. Kh1
Qxa5 29. Rxf5 Rxf5 30. Qxf5 Bxd5 0-1

[Event "XLVI C.to Torinese Assoluto 2001"]
[Site "Torino ITA"]
[Date "2001.11.??"]
[Round "6"]
[White "Malano, Francesco"]
[Black "Lo Curto, Emanuele"]
[WhiteElo "2042"]
[BlackElo "2087"]
[Result "0-1"]
[PlyCount "102"]
[EventDate "2001.11.??"]

1. e4 c5 2. Ne2 e6 3. g3 Nc6 4. Bg2 g6 5. c4 Bg7 6. Nbc3 Nge7 7. d3 a6 8. Be3
Nd4 9. Rb1 Nec6 10. a3 d6 11. b4 Rb8 12. O-O b6 13. b5 axb5 14. Nxb5 Nxb5 15.
Rxb5 Ba6 16. Rb1 O-O 17. a4 Nb4 18. Qb3 Qd7 19. Rfd1 Rfd8 20. Bd2 Nc6 21. Bc3
Nd4 22. Nxd4 cxd4 23. Bd2 Rdc8 24. Rb2 e5 25. Rdb1 Bf6 26. h4 Bd8 27. Kh2 Rc7
28. Qd1 Ra7 29. h5 Rba8 30. hxg6 hxg6 31. Bh3 Qe7 32. Kg2 Bb7 33. Ra2 Bc6 34.
Rba1 Qe8 35. Bg4 Rxa4 36. Rxa4 Rxa4 37. Rxa4 Bxa4 38. Qc1 Be7 39. Qb2 Qc6 40.
Qa3 Kg7 41. Bb4 Bf8 42. Kf1 b5 43. cxb5 Bxb5 44. Bd1 Qxe4 45. Bc2 Qf3 46. Kg1
Qf6 47. Bd1 Bc6 48. Qa6 Bd5 49. Ba3 Kg8 50. f3 Qg5 51. Kg2 Qd2+ 0-1

[Event "XLVI C.to Torinese Assoluto 2001"]
[Site "Torino ITA"]
[Date "2001.11.??"]
[Round "6"]
[White "Ragni, Paolo"]
[Black "Ricca, Roberto"]
[WhiteElo "2070"]
[BlackElo "2100"]
[Result "0-1"]
[PlyCount "88"]
[EventDate "2001.11.??"]

1. c4 f5 2. Nf3 Nf6 3. g3 g6 4. Bg2 d6 5. d4 Bg7 6. O-O O-O 7. Nc3 Qe8 8. b3 e5
9. dxe5 Ng4 10. Bb2 Nxe5 11. Nxe5 Bxe5 12. f4 Bg7 13. Qd2 Nc6 14. Nd5 Qf7 15.
b4 Be6 16. Bxg7 Kxg7 17. b5 Nd8 18. Rac1 Rc8 19. Qd4+ Kh6 20. Qxa7 Re8 21. Qf2
Ra8 22. e4 Bxd5 23. cxd5 fxe4 24. Qe3 Kg7 25. f5 gxf5 26. g4 Re5 27. gxf5 Qh5
28. Rxc7+ Kf6 29. a3 Nf7 30. Rxb7 Rg8 31. Rd7 Qg4 32. Qg3 Rxd5 33. b6 Ne5 34.
Rxh7 Rd2 35. Rh6+ Kf7 36. Rh7+ Kf6 37. Rh6+ Kf7 38. b7 Rxg2+ 39. Kxg2 Qe2+ 40.
Rf2 Rxg3+ 41. hxg3 Qb5 42. Rh8 Nd7 43. f6 Qxb7 44. Rh7+ Kg8 0-1

[Event "XLVI C.to Torinese Assoluto 2001"]
[Site "Torino ITA"]
[Date "2001.11.??"]
[Round "7"]
[White "Cordara, Michele"]
[Black "Fuggetta, Leonardo"]
[WhiteElo "2187"]
[BlackElo "2057"]
[Result "1/2-1/2"]
[PlyCount "44"]
[EventDate "2001.11.??"]

1. c4 g6 2. Nc3 Bg7 3. g3 e5 4. Bg2 d6 5. d3 Nc6 6. Rb1 a5 7. a3 Be6 8. b4 axb4
9. axb4 Qd7 10. Nd5 f5 11. b5 Nd8 12. e4 Ne7 13. b6 Bxd5 14. bxc7 Qxc7 15. cxd5
O-O 16. Ne2 Nf7 17. Qb3 b5 18. Bd2 Bh6 19. Bxh6 Nxh6 20. O-O Rfb8 21. d4 Nf7
22. Kh1 Qc4 1/2-1/2

[Event "XLVI C.to Torinese Assoluto 2001"]
[Site "Torino ITA"]
[Date "2001.11.??"]
[Round "7"]
[White "Lo Curto, Emanuele"]
[Black "Fassio, Luca"]
[WhiteElo "2087"]
[BlackElo "2201"]
[Result "0-1"]
[PlyCount "110"]
[EventDate "2001.11.??"]

1. e4 g6 2. d4 Bg7 3. Nc3 d6 4. Be3 c6 5. Qd2 b5 6. Nf3 Nd7 7. a4 b4 8. Nd1 Rb8
9. c3 a5 10. Bd3 Ngf6 11. Bh6 O-O 12. O-O e5 13. Bxg7 Kxg7 14. Re1 Re8 15. Rc1
c5 16. d5 Nh5 17. Ne3 Ndf6 18. g3 Ng8 19. Nc4 Bg4 20. Kg2 Nh6 21. h3 Bc8 22.
Ne3 Rf8 23. Nh4 Bd7 24. b3 Bc8 25. Bb5 f6 26. cxb4 axb4 27. Be2 Qd7 28. Bg4 Qf7
29. Bxc8 Rbxc8 30. Nc4 Qc7 31. Qe2 Rf7 32. Nf3 Ng8 33. Ra1 Ne7 34. a5 Ra8 35.
Nb6 Ra7 36. Qb5 Nc8 37. Nd2 f5 38. Nxc8 Qxc8 39. Nc4 Qd7 40. Qxd7 Rfxd7 41. f3
Nf6 42. Nb6 Rd8 43. g4 fxe4 44. fxe4 Ne8 45. Rf1 Nc7 46. Nc4 Nb5 47. g5 Nd4 48.
Rab1 Ne2 49. Rf6 Ra6 50. Rbf1 Nf4+ 51. Kh2 Rda8 52. Rf3 h6 53. h4 hxg5 54. hxg5
Rh8+ 55. Kg1 Rh5 0-1

[Event "XLVI C.to Torinese Assoluto 2001"]
[Site "Torino ITA"]
[Date "2001.11.??"]
[Round "7"]
[White "Malano, Francesco"]
[Black "Gardoncini, Giovanni Battista"]
[WhiteElo "2042"]
[BlackElo "1881"]
[Result "1-0"]
[PlyCount "83"]
[EventDate "2001.11.??"]

1. c4 g6 2. Nc3 Bg7 3. g3 e5 4. e4 Nc6 5. Bg2 Nge7 6. Nge2 O-O 7. d3 d6 8. a3
a5 9. Rb1 Be6 10. b4 axb4 11. axb4 Qd7 12. b5 Nd4 13. Nxd4 exd4 14. Nd5 Nxd5
15. exd5 Bg4 16. f3 Rfe8+ 17. Kf2 Ra2+ 18. Rb2 Rxb2+ 19. Bxb2 Bh3 20. Re1 Re3
21. Bc1 Rxe1 22. Qxe1 Bf5 23. Qe2 h5 24. f4 Bf6 25. Bb2 Bg4 26. Bf3 Bxf3 27.
Qxf3 Qg4 28. Qxg4 hxg4 29. h3 gxh3 30. Kg1 Bg7 31. Kh2 f5 32. Kxh3 Bf6 33. g4
b6 34. Bc1 Kf7 35. Bd2 Ke8 36. Be1 Kf7 37. Bf2 Ke7 38. Bh4 Kf7 39. Bg5 Kg7 40.
Kh4 Kf7 41. gxf5 gxf5 42. Bxf6 1-0

[Event "XLVI C.to Torinese Assoluto 2001"]
[Site "Torino ITA"]
[Date "2001.11.??"]
[Round "7"]
[White "Racioppo, Paolo"]
[Black "Pepino, Enrico"]
[WhiteElo "2208"]
[BlackElo "2071"]
[Result "1-0"]
[PlyCount "79"]
[EventDate "2001.11.??"]

1. e4 d6 2. d4 Nf6 3. Nc3 g6 4. h3 Bg7 5. f4 O-O 6. Be3 c6 7. Qf3 b5 8. e5 dxe5
9. dxe5 Nd5 10. Rd1 Qa5 11. Rxd5 cxd5 12. Qxd5 Be6 13. Qxa8 b4 14. Qxa7 Qxa7
15. Bxa7 bxc3 16. bxc3 Nc6 17. Bd4 Bxa2 18. Nf3 Rb8 19. Kd2 f6 20. exf6 Bxf6
21. Bxf6 exf6 22. Bd3 Bd5 23. Rf1 Kf7 24. g3 Na5 25. Nd4 Nc4+ 26. Bxc4 Bxc4 27.
Ra1 Rb7 28. h4 Kg7 29. Ra4 Rc7 30. Rb4 Kh6 31. Rb6 Kh5 32. Ke3 Kg4 33. Kf2 Bd5
34. Rxf6 Rxc3 35. f5 Be4 36. fxg6 Bxg6 37. Rf4+ Kh3 38. h5 Rxg3 39. hxg6 hxg6
40. Rf3 1-0

[Event "XLVI C.to Torinese Assoluto 2001"]
[Site "Torino ITA"]
[Date "2001.11.??"]
[Round "7"]
[White "Ratti, Marco"]
[Black "Ragni, Paolo"]
[WhiteElo "1708"]
[BlackElo "2070"]
[Result "1/2-1/2"]
[PlyCount "124"]
[EventDate "2001.11.??"]

1. d4 Nf6 2. c4 e6 3. Nf3 b6 4. g3 Ba6 5. Qc2 d5 6. Bg2 Bxc4 7. Ne5 Bb5 8. a4
Bd7 9. Bf4 Bd6 10. Na3 a6 11. Rc1 Ra7 12. O-O O-O 13. Nb1 Qe7 14. Nd2 Rc8 15.
e4 dxe4 16. Nxe4 Nxe4 17. Bxe4 f5 18. Bg2 c5 19. d5 exd5 20. Bxd5+ Be6 21. Qxf5
Re8 22. Nc4 Bxf4 23. Bxe6+ Qxe6 24. Qxf4 Rf7 25. Qd2 Rd7 26. Qc3 Rde7 27. Ne3
Nc6 28. Qc4 Nd4 29. Qxe6+ Rxe6 30. Kg2 Re4 31. Rc4 Nb3 32. Rc3 Na5 33. b3 Rd8
34. Kf3 Rb4 35. Rb1 Rf8+ 36. Ke2 Nc6 37. Nc2 Nd4+ 38. Nxd4 Rxd4 39. Re3 Rf6 40.
f4 Kf7 41. Kf3 Rb4 42. h4 Rd6 43. Rbe1 h5 44. Ke2 Rbd4 45. Kf3 Kf6 46. Re5 Rd3+
47. R1e3 Rxe3+ 48. Rxe3 Rd4 49. g4 hxg4+ 50. Kxg4 g6 51. Kf3 Rb4 52. Kg4 a5 53.
Rd3 Rd4 54. Re3 Rd1 55. Kf3 Rf1+ 56. Ke4 Ke6 57. Kd3+ Kd6 58. Ke4 Rh1 59. Rg3
Re1+ 60. Kf3 Re6 61. Rg5 Kc7 62. h5 Rd6 1/2-1/2